|
|
|
|
| LEADER |
01237nam a2200361 a 4500 |
| 001 |
000602544 |
| 003 |
CZ BrMZK |
| 005 |
20080227133940.0 |
| 007 |
ta |
| 008 |
020527s2002 xr aef g f 001 0 cze d |
| 015 |
|
|
|a cnb001122297
|
| 020 |
|
|
|a 80-7217-049-X
|
| 035 |
|
|
|a (OCoLC)51189193
|
| 040 |
|
|
|a BOA001
|b cze
|
| 041 |
1 |
|
|a cze
|h eng
|
| 043 |
|
|
|a n-us-ny
|
| 072 |
|
7 |
|a 913(7)
|x Geografie Severní Ameriky, reálie, cestování
|2 Konspekt
|9 7
|
| 080 |
|
|
|a 913(734.7)
|2 MRF
|
| 080 |
|
|
|a (036)913
|2 MRF
|
| 100 |
1 |
|
|a Dunford, Martin,
|d 1959-
|7 xx0002335
|4 aut
|
| 245 |
1 |
0 |
|a New York :
|b [turistický průvodce] /
|c Martin Dunford a Jack Holland
|
| 250 |
|
|
|a Vyd. 1.
|
| 260 |
|
|
|a Brno :
|b Jota,
|c 2002
|
| 300 |
|
|
|a 502 s., [16] s. barev. obr. příl. :
|b il., plány ;
|c 20 cm
|
| 490 |
1 |
|
|a Livingstone - průvodci ;
|v sv. 10
|
| 655 |
|
7 |
|a turistické průvodce
|7 fd133738
|2 czenas
|
| 651 |
|
7 |
|a New York (New York)
|7 ge130170
|2 czenas
|
| 700 |
1 |
|
|a Holland, Jack,
|d 1959-
|7 xx0002336
|4 aut
|
| 765 |
0 |
|
|t Rough guide to New York City
|9 Česky
|
| 830 |
|
0 |
|a Livingstone - průvodci
|0 s
|
| 910 |
|
|
|a BOA001
|b 2-1103.470
|
| 990 |
|
|
|a BK
|
| 996 |
6 |
|
|b 2610161753
|c 2-1103.470
|l MZK
|r Sklad / do 1 hodiny
|n 6
|p p.v.
|w 000602544
|u 000010
|a 1
|e BOA001
|j MZK50
|s P
|